How to Steal a Dragon's Sword / (Record no. 2591)

MARC details
000 -LEADER
fixed length control field 01312nam a22002417a 4500
005 - DATE AND TIME OF LATEST TRANSACTION
control field 20260401105848.0
020 ## - INTERNATIONAL STANDARD BOOK NUMBER
International Standard Book Number 9781444900941
040 ## - CATALOGING SOURCE
Original cataloging agency FISKH
Language of cataloging eng
Transcribing agency FISKH
Modifying agency FISKH
050 ## - LIBRARY OF CONGRESS CALL NUMBER
Classification number PZ7.C83535
082 ## - DEWEY DECIMAL CLASSIFICATION NUMBER
Classification number 823.92
100 ## - MAIN ENTRY--PERSONAL NAME
Personal name Cowell, Cressida
245 ## - TITLE STATEMENT
Title How to Steal a Dragon's Sword /
Statement of responsibility, etc. How to train your dragon ; Cressida Cowell
250 ## - EDITION STATEMENT
Edition statement First published in Great Britain in 2011 by Hodder & Stoughton
260 ## - PUBLICATION, DISTRIBUTION, ETC.
Place of publication, distribution, etc. London :
Name of publisher, distributor, etc. Hodder Children's Books
Date of publication, distribution, etc. 2011
300 ## - PHYSICAL DESCRIPTION
Extent 362 pages :
Dimensions 20 cm
490 ## - SERIES STATEMENT
Series statement How to Train Your Dragon
Volume/sequential designation Book 9
505 ## - FORMATTED CONTENTS NOTE
Formatted contents note Z
520 ## - SUMMARY, ETC.
Summary, etc. A dragon rebellion is coming-filled with the meanest, nastiest dragons in the Archipelago. Razor-wings, Tongue twisters, and Vampire Ghoul deaths are attaching Vikings and seem to be seeking one soul in particular: Hiccup Horrendous Haddock the Third! Only a King can save them...and only a champion with all of the King's Lost Things can be King. In his adventures, Hiccup has collected quite a few "things" himself. But can a scrawny Viking save the entire Archipelago from certain doom? To find out, Hiccup will have to outwit a witch, fight his arch-enemy, and beat back an army of bloodthirsty dragons with just one sword.
521 ## - TARGET AUDIENCE NOTE
Target audience note 910
Source Lexile
521 ## - TARGET AUDIENCE NOTE
Target audience note Z
Source Raz-Plus
942 ## - ADDED ENTRY ELEMENTS (KOHA)
Source of classification or shelving scheme Dewey Decimal Classification
Koha item type Books
Suppress in OPAC No
999 ## -
-- 2591
-- 2591
Holdings
Withdrawn status Lost status Source of classification or shelving scheme Damaged status Not for loan Collection Home library Current library Shelving location Date acquired Total Checkouts Full call number Barcode Date due Date last seen Date last checked out Copy number Price effective from Koha item type
    Dewey Decimal Classification     Juvenile Fiction Footprints International School Library Network Toul Kork Campus Footprints International School Library Network Toul Kork Campus A TK Campus, 4th Floor, Room B401, Fiction Bookcases (1-6) 08/28/2025   COW 823.92 PZ7.C83535 FISTKG5A032   08/28/2025   2 08/28/2025 Books
    Dewey Decimal Classification     Juvenile Fiction Footprints International School Library Network Toul Tom Poung Campus Footprints International School Library Network Toul Tom Poung Campus TTP Secondary Fiction Bookshelves 01/03/2024 4 COW 823.92 PZ7.C83535 FIS05326 04/15/2026 04/01/2026 04/01/2026 1 01/03/2024 Books